Same TV Show: Different Character Quiz Stats

Quiz Updated Jan 2, 2013

Also try: TV In Other Words
Challenge
Share
Tweet
Score 0/30 Timer 06:00
3 Plays Today
% Correct
Pebbles
91.6%
Jerry Seinfeld
81.6%
Meg Griffin
74.6%
Barney Stinson
70.4%
Pam Beesly
66.2%
Crazy Cat Lady
65%
Dr. Christopher Turk
62.9%
Liz Lemon
62.8%
Kevin Arnold
58.4%
Dr. Gregory House
58.2%
Mr. Garrison
57.9%
Michael Bluth
53.8%
Will Truman
53.6%
Dexter Morgan
51.7%
Daenerys Targaryen
50.2%
% Correct
Philip J. Fry
49.8%
Don Draper
48.7%
Luanne Platter
45.7%
Tony Soprano
45.3%
Stan Smith
43%
Claire Bennet
39.6%
Jack Shephard
39.5%
Chloe O'Brian
36.7%
Earl Hickey
34.4%
Sookie Stackhouse
32.9%
Skyler White
31%
Sgt. Nicholas Brody
26.9%
Omar Little
25.7%
Laura Palmer
21.9%
Al Swearengen
15.4%

You're not logged in!

Compare scores with friends on all Sporcle quizzes.
Join for Free
OR
Log In

You Might Also Like...

Show Comments

Extras

Top Quizzes Today


Score Distribution

Your Account Isn't Verified!

In order to create a playlist on Sporcle, you need to verify the email address you used during registration. Go to your Sporcle Settings to finish the process.

Report this User

Report this user for behavior that violates our Community Guidelines.

Details: